000 00813nas a2200277 4500
001 BR2010001922
003 BR-BrBNA
005 20231205114014.0
007 ta
008 230509b bl.|||p| |||| 00| 00por d
040 _aBR-BrBNA
_bpor
_cBiblioteca Nacional de Agricultura
041 _a(Pt)
072 _aL70
100 1 _aCassu, R.N.
100 1 _aMelchert, A.
100 1 _aSilva, A.P.G. da
100 1 _aReis, A.M. dos
100 1 _aMeirelles, C.C.
245 1 _aLidocaína com vasoconstrictor isolada e associada no fentanil via peridural em cães
650 _aCÃO
650 _aANESTESIA
650 _aANESTÉSICO
773 0 _tCiência Rural (Brazil)
_xISSN 0103-8478
_g(Mar 2010), v. 40(3) p. 580-586
_wBR2010001922
909 _a202311
_bLúcia
_c55
_dLúcia Elande
942 _2AGRIS
_n0
_cANA
999 _c206681
_d206681